عرض عادي
عرض مارك
- McMurry, Sara M.
مدخل إسم شخص
001 - رقم الضبط
- حقل الضبط: 40431
003 - معرف رقم الضبط
- حقل الضبط: OSt
005 - تاريخ ووقت أخر عملية
- حقل الضبط: 20131118155517.0
008 - عناصر بيانات ثابتة الطول
- حقل تحكم ثابت الطول: 131118|||a|||||| | ||| d
040 ## - مصدر الفهرسة
- هيئة الفهرسة الأصلية: OSt
- وكالة الكتابة: OSt
100 ## - مدخل -- أسم شخص
- إسم شخص: McMurry, Sara M.
670 ## - بيانات المصدر موجوده
- الاستشهاد بالمصدر: Work cat.: (OSt)0: Steward, E. G. (Edward G.), 1923- 40429, Quantum mechanics :, c2012.
